| 000 | 01279cam a2200397 a 4500 | ||
|---|---|---|---|
| 001 | 22811 | ||
| 003 | SK-KTurca | ||
| 005 | 20260428144014.0 | ||
| 008 | 240801s1999 xo gr 000 f slo | ||
| 015 | _aSNBA2000/02-00546 | ||
| 020 |
_a8088772974 _q(viaz.) |
||
| 035 | _aSNK000332303 | ||
| 035 | _aurn:nbn:sk:snk-amkkew | ||
| 035 | _aurn:nbn:sk:snk-am003apw | ||
| 035 | _aBDAD4EE2-B2A5-4FC6-AFE8-2B6BD7991AC7 | ||
| 040 |
_aSNK _bslo _cSNK _eAACR2 |
||
| 041 | 1 |
_aslo _heng |
|
| 044 |
_axo _cSK |
||
| 072 | 7 |
_a821.111-3 _xAnglická próza, anglicky písaná _2konspekt |
|
| 080 |
_a821.111-31 _22011 |
||
| 080 |
_a82-311.4 _22011 |
||
| 100 | 1 |
_aAusten, Jane, _d1775-1817 _4aut |
|
| 240 | 1 | 0 |
_aMansfield Park _lSlovensky |
| 245 | 1 | 0 |
_aMansfieldsky park _cJane Austenová ; z anglického originálu Mansfield Park ... preložila Jana Krejčíková |
| 260 |
_aBratislava _bMedia klub _c1999 |
||
| 300 |
_a223 s. _c21 cm |
||
| 490 | 1 | _aNávraty | |
| 500 | _aÚdaj o prekl. prevzatý z rubu tit. strany | ||
| 655 | 7 |
_aanglické romány _2SNKPH |
|
| 655 | 7 |
_aspoločenské romány _2SNKPH |
|
| 700 | 1 |
_aKrejčíková, Anna _4trl |
|
| 830 | 0 | _aNávraty | |
| 942 |
_2ddc _cKLDO _n0 |
||
| 999 |
_c22811 _d22811 |
||